000 00637nam a2200229Ia 4500
003 OSt
005 20221007073146.0
006 a|||||r|||| 00| 0
007 ta
008 221006b |||||||| |||| 00| 0 eng d
024 _a24,154
037 _cTextual
040 _aFLL
_cFLL
_beng
041 _2eng
_aeng
082 _aZ2:3qM72:9, K2;1
100 _aChadha Prem Nath
_9152574
245 0 _aLaw of partnership in India and Pakistan
260 _aLucknow
_bEastern Book Co. India
_c1962
300 _alii,1-552p
_ccm.
942 _hZ2:3qM72:9, K2;1
_cTEXL
_2CC
999 _c1147842
_d1147842